[Event "Moscow Championship (blitz) 2015"]
[Site "Moscow RUS"]
[Date "2015.09.06"]
[Round "10"]
[White "Morozevich, Alexander"]
[Black "Nepomniachtchi, Ian"]
[Result "0-1"]
[WhiteElo "2711"]
[BlackElo "2705"]
[PlyCount "90"]
[EventDate "2015.09.06"]

1. d4 Nf6 2. c4 g6 3. Nc3 d5 4. cxd5 Nxd5 5. e4 Nxc3 6. bxc3 Bg7 7. Be3 c5 8.
Rc1 Qa5 9. Qd2 Nd7 10. Bd3 O-O 11. f4 Nf6 12. Nf3 Rd8 13. h3 b6 14. d5 c4 15.
Bb1 Bb7 16. Nd4 e6 17. dxe6 Nxe4 18. exf7+ Kxf7 19. Bxe4 Bxe4 20. O-O Kg8 21.
Qf2 Qd5 22. Ne2 Bd3 23. Rfe1 Re8 24. Bd4 Rxe2 25. Rxe2 Bxd4 26. cxd4 Bxe2 27.
Qxe2 Qxd4+ 28. Kh1 Qxf4 29. Rxc4 Qf7 30. Re4 Rf8 31. Qe3 Qxa2 32. Re7 Qd5 33.
Qg3 a5 34. Qc7 Qd4 35. Rxh7 Rf1+ 36. Kh2 Qf4+ 37. Qxf4 Rxf4 38. Rb7 Rb4 39. g4
a4 40. Ra7 b5 41. Kg3 g5 42. Kf3 Rb3+ 43. Ke4 a3 44. Kd4 b4 45. Kc4 Rb2 0-1

[Event "Moscow Championship (blitz) 2015"]
[Site "Moscow RUS"]
[Date "2015.09.06"]
[Round "11"]
[White "Nepomniachtchi, Ian"]
[Black "Savchenko, Boris"]
[Result "1-0"]
[WhiteElo "2705"]
[BlackElo "2567"]
[PlyCount "101"]
[EventDate "2015.09.06"]
[EventType "blitz"]

1. e4 c5 2. Nf3 Nc6 3. Bb5 g6 4. Bxc6 dxc6 5. d3 Bg7 6. h3 Nf6 7. Be3 b6 8. Nc3
O-O 9. Qd2 e5 10. Bh6 Nd7 11. h4 f6 12. Ne2 Rf7 13. Ng3 Nf8 14. Bxg7 Kxg7 15.
h5 g5 16. O-O-O Bg4 17. Kb1 Ne6 18. Rdg1 Bxf3 19. gxf3 h6 20. Nf5+ Kh7 21. Rd1
Rd7 22. Qc3 Qg8 23. Qa3 a5 24. c3 Ng7 25. Ne3 Qd8 26. Qb3 a4 27. Qc4 Raa7 28.
Ng4 Rd6 29. d4 cxd4 30. cxd4 exd4 31. e5 fxe5 32. Nxe5 Qf6 33. Rxd4 Qxe5 34.
Qd3+ Nf5 35. Rxd6 Qxd6 36. Qxf5+ Kg7 37. Qc2 b5 38. Rd1 Qf6 39. f4 Rf7 40. fxg5
hxg5 41. a3 Qf5 42. Rd3 Rf6 43. Ka1 Kh6 44. Qc3 Qxf2 45. Rd6 Kg7 46. h6+ Kf7
47. Rd7+ Kg8 48. h7+ Kh8 49. Rd6 Kxh7 50. Rxf6 Qe2 51. Qh3+ 1-0

[Event "Moscow Championship (blitz) 2015"]
[Site "Moscow RUS"]
[Date "2015.09.06"]
[Round "12"]
[White "Sychev, Klementy"]
[Black "Nepomniachtchi, Ian"]
[Result "0-1"]
[WhiteElo "2414"]
[BlackElo "2705"]
[PlyCount "62"]
[EventDate "2015.09.06"]
[EventType "blitz"]

1. d4 Nf6 2. c4 g6 3. Nc3 d5 4. cxd5 Nxd5 5. e4 Nxc3 6. bxc3 Bg7 7. Bc4 c5 8.
Ne2 Nc6 9. Be3 O-O 10. O-O Bg4 11. f3 Bd7 12. Rb1 Rc8 13. Bd3 cxd4 14. cxd4 Na5
15. Qd2 b6 16. Rfc1 Rxc1+ 17. Rxc1 Qb8 18. Ba6 Bc8 19. Bd3 Bd7 20. Ba6 Qd6 21.
e5 Qa3 22. Rc3 Qb4 23. Rc7 Qa4 24. Nc3 Qb4 25. Rxd7 Nc4 26. Bxc4 Qxc4 27. Rxa7
Rc8 28. Ne2 Qb5 29. Rxe7 Bf8 30. Ra7 Qb1+ 31. Kf2 Bb4 0-1

[Event "Moscow Championship (blitz) 2015"]
[Site "Moscow RUS"]
[Date "2015.09.06"]
[Round "13"]
[White "Nepomniachtchi, Ian"]
[Black "Andreikin, Dmitry"]
[Result "0-1"]
[WhiteElo "2705"]
[BlackElo "2720"]
[PlyCount "102"]
[EventDate "2015.09.06"]
[EventType "blitz"]

1. e4 c5 2. Nf3 e6 3. d4 cxd4 4. Nxd4 Nc6 5. Nc3 a6 6. Nxc6 bxc6 7. Bd3 d5 8.
O-O Nf6 9. Qf3 Be7 10. Qg3 O-O 11. Bh6 Ne8 12. Bf4 Bh4 13. Qf3 Bg5 14. e5 Bxf4
15. Qxf4 c5 16. Rad1 Bb7 17. b3 Qa5 18. Qg3 g6 19. Ne2 Ng7 20. Qf4 Rac8 21. c3
Qc7 22. Rfe1 f6 23. exf6 Qxf4 24. Nxf4 Rxf6 25. Ne2 Nh5 26. Ng3 Nf4 27. Bf1 Kf7
28. Ne2 g5 29. Nc1 a5 30. Nd3 Nxd3 31. Bxd3 h6 32. f3 Ke7 33. Re5 Kd6 34. Rde1
Bc6 35. h4 Rg8 36. hxg5 hxg5 37. R5e2 g4 38. fxg4 Rxg4 39. Rd2 e5 40. Be4 Ke6
41. Bd3 d4 42. Bc4+ Kd6 43. Rde2 e4 44. Rd2 Ke5 45. cxd4+ cxd4 46. Rc2 e3 47.
Bd3 Bd5 48. a3 Rc6 49. Ree2 Rxc2 50. Rxc2 Be4 51. Rc5+ Kd6 0-1

[Event "Moscow Championship (blitz) 2015"]
[Site "Moscow RUS"]
[Date "2015.09.06"]
[Round "14"]
[White "Vavulin, Maksim"]
[Black "Nepomniachtchi, Ian"]
[Result "1-0"]
[WhiteElo "2441"]
[BlackElo "2705"]
[PlyCount "133"]
[EventDate "2015.09.06"]
[EventType "blitz"]

1. e4 c5 2. Nf3 d6 3. d4 cxd4 4. Nxd4 Nf6 5. Nc3 a6 6. Be3 e5 7. Nb3 Be7 8. h3
Nbd7 9. f4 exf4 10. Bxf4 Ne5 11. Qe2 Be6 12. O-O-O Qc7 13. Nd5 Bxd5 14. exd5
O-O 15. g4 Nfd7 16. g5 Rfe8 17. Qg2 Rac8 18. Nd4 Bf8 19. h4 Qa5 20. Kb1 Nb6 21.
Nb3 Qa4 22. Rd4 Qd7 23. Qg3 Qf5 24. Rh2 Rc7 25. h5 Qd7 26. c3 Nbc4 27. Bh3 Qb5
28. g6 Kh8 29. gxf7 Rxf7 30. Be6 Rf6 31. h6 g6 32. Bg5 Rf1+ 33. Kc2 Nf7 34. Rf4
Nxg5 35. Rxf1 Ne4 36. Qd3 Ne5 37. Qxb5 axb5 38. Nd4 Ng3 39. Rg1 Ne4 40. Re1 Nf6
41. Rf1 Nh5 42. Nxb5 Rd8 43. a4 Bxh6 44. a5 Be3 45. Re2 Ng3 46. Rxe3 Nxf1 47.
Rh3 Kg7 48. Kd1 Nc4 49. Ke2 Nfd2 50. b4 h5 51. Kd3 Kh6 52. Rh2 Nf3 53. Rf2
Nce5+ 54. Ke4 Ng5+ 55. Kd4 h4 56. c4 Nxe6+ 57. dxe6 h3 58. Kd5 Ng4 59. Rf3 h2
60. Rh3+ Kg7 61. e7 Re8 62. Ke6 Ne3 63. Nxd6 Rh8 64. Rxh8 Kxh8 65. e8=Q+ Kg7
66. Qf7+ Kh6 67. Qf4+ 1-0

[Event "Moscow Championship (blitz) 2015"]
[Site "Moscow RUS"]
[Date "2015.09.06"]
[Round "15"]
[White "Nepomniachtchi, Ian"]
[Black "Najer, Evgeniy"]
[Result "0-1"]
[WhiteElo "2705"]
[BlackElo "2658"]
[PlyCount "128"]
[EventDate "2015.09.06"]
[EventType "blitz"]

1. e4 c5 2. Nf3 d6 3. d4 cxd4 4. Nxd4 Nf6 5. Nc3 a6 6. h3 e5 7. Nde2 b5 8. g4
Bb7 9. Bg2 h6 10. O-O Nbd7 11. Ng3 Rc8 12. a3 g6 13. Be3 Nb6 14. Qd3 Nc4 15.
Bc1 Be7 16. b3 Nb6 17. Be3 Qc7 18. Nge2 Nbd7 19. b4 Nb6 20. a4 Nxa4 21. Nxa4
bxa4 22. c3 Qc4 23. Qxc4 Rxc4 24. f3 d5 25. f4 exf4 26. Bd4 O-O 27. e5 Ne4 28.
Rxf4 Bc6 29. Bf1 Bg5 30. Rf3 Nd2 31. Rg3 Nxf1 32. Kxf1 Bb5 33. Kg1 Rc6 34. Nc1
f6 35. Nd3 fxe5 36. Nxe5 Re6 37. Rg2 Bf4 38. Nf3 Bc7 39. Nd2 Rfe8 40. Rf2 Re2
41. Nf3 Rxf2 42. Bxf2 a5 43. Nd4 Bd7 44. b5 Rb8 45. Rxa4 Bxb5 46. Nxb5 Rxb5 47.
c4 Rb4 48. Rxb4 axb4 49. cxd5 Be5 50. d6 Kf7 51. d7 Bc7 52. Kf1 b3 53. Bd4 Ke6
54. Ke2 Kxd7 55. Kd3 Ke6 56. Bg7 Bf4 57. Bf8 Kf7 58. Ba3 Be5 59. Bc5 Ke6 60.
Bf8 h5 61. gxh5 gxh5 62. Ba3 Kf5 63. Ke3 Bd6 64. Kf3 Bxa3 0-1

[Event "Moscow Championship (blitz) 2015"]
[Site "Moscow RUS"]
[Date "2015.09.06"]
[Round "16"]
[White "Mozharov, Mikhail"]
[Black "Nepomniachtchi, Ian"]
[Result "0-1"]
[WhiteElo "2573"]
[BlackElo "2705"]
[PlyCount "60"]
[EventDate "2015.09.06"]
[EventType "blitz"]

1. Nf3 g6 2. g3 d5 3. Bg2 Bg7 4. d3 e5 5. O-O Ne7 6. e4 O-O 7. Nbd2 Nbc6 8. c3
a5 9. h3 h6 10. Qe2 Kh7 11. Rd1 f5 12. exd5 Nxd5 13. Nc4 Re8 14. a4 b6 15. h4
Bb7 16. Nh2 Qd7 17. Nf1 Rad8 18. Nfe3 Nf4 19. gxf4 exf4 20. d4 fxe3 21. fxe3
Qf7 22. b3 Rd7 23. Rf1 Nd8 24. Bxb7 Nxb7 25. Qf3 Nd6 26. Nxd6 Rxd6 27. e4 Qxb3
28. exf5 gxf5 29. Qxf5+ Rg6+ 30. Kh1 Rf8 0-1

[Event "Moscow Championship (blitz) 2015"]
[Site "Moscow RUS"]
[Date "2015.09.06"]
[Round "17"]
[White "Nepomniachtchi, Ian"]
[Black "Dubov, Daniil"]
[Result "1-0"]
[WhiteElo "2705"]
[BlackElo "2661"]
[PlyCount "151"]
[EventDate "2015.09.06"]
[EventType "blitz"]

1. e4 c5 2. Nf3 e6 3. d4 cxd4 4. Nxd4 Nc6 5. Nc3 Qc7 6. Be3 a6 7. Qf3 Nxd4 8.
Bxd4 b5 9. Qg3 Qxg3 10. hxg3 Bb7 11. f3 Ne7 12. O-O-O Nc6 13. Be3 h6 14. g4 Rg8
15. a4 b4 16. Ne2 Be7 17. Kb1 Rc8 18. Nc1 Na5 19. Rh5 Bd8 20. Rc5 Rxc5 21. Bxc5
Nc6 22. Na2 Be7 23. Bb6 Rh8 24. Nc1 h5 25. gxh5 Rxh5 26. Nb3 Rh1 27. Be3 d6 28.
Kc1 g5 29. Nd2 Ne5 30. Bb5+ axb5 31. Rxh1 bxa4 32. Rh5 g4 33. f4 Ng6 34. g3 d5
35. f5 exf5 36. exf5 Ne5 37. Bf4 Nc6 38. Rh8+ Kd7 39. Rg8 Nd4 40. Rxg4 Nxf5 41.
Rg8 a3 42. bxa3 bxa3 43. Nb3 Ba6 44. Kb1 Bc4 45. Ra8 d4 46. Ra5 Be6 47. Nc5+
Bxc5 48. Rxc5 a2+ 49. Kb2 Nd6 50. Ka1 Ne4 51. Ra5 Nc3 52. Ra6 Ne2 53. Be5 Kc8
54. Rd6 Nc3 55. Rxd4 Nb5 56. Rb4 Na3 57. Rb2 Nc4 58. Rb5 Na3 59. Rc5+ Kb7 60.
Bb2 Nc4 61. Kxa2 Kb6 62. Bd4 Nd6+ 63. Kb1 Kb7 64. Re5 Kc6 65. Kc1 Nc4 66. Rc5+
Kd7 67. c3 f5 68. Kc2 Nd6 69. Be5 Nc4 70. Bf4 Nb6 71. Kd3 Nd5 72. Kd4 Nf6 73.
Rc7+ Kd8 74. c4 Ne4 75. Ra7 Kc8 76. c5 1-0

[Event "Moscow Championship (blitz) 2015"]
[Site "Moscow RUS"]
[Date "2015.09.06"]
[Round "18"]
[White "Kobalia, Mikhail"]
[Black "Nepomniachtchi, Ian"]
[Result "0-1"]
[WhiteElo "2632"]
[BlackElo "2705"]
[PlyCount "152"]
[EventDate "2015.09.06"]
[EventType "blitz"]

1. e4 c5 2. Nf3 d6 3. Bb5+ Nd7 4. O-O a6 5. Bd3 Ngf6 6. c3 b5 7. Bc2 Bb7 8. Qe2
e5 9. d4 Be7 10. dxe5 dxe5 11. Rd1 Qc7 12. c4 b4 13. Nbd2 O-O 14. Nf1 Rfe8 15.
Bg5 Nf8 16. Bxf6 Bxf6 17. Ne3 Ne6 18. Nd5 Qd8 19. Ba4 Rf8 20. a3 bxa3 21. bxa3
Nd4 22. Nxd4 exd4 23. Rab1 Bc8 24. f4 g6 25. Nb6 Rb8 26. Nxc8 Qxc8 27. Rxb8
Qxb8 28. e5 Bg7 29. Bc6 Qb3 30. Qd3 Rb8 31. Bd5 Qxd3 32. Rxd3 Rb2 33. Rf3 Bh6
34. g3 Kf8 35. Rf2 Rb3 36. Rf3 Rb2 37. Rf2 Rb3 38. Rf3 d3 39. Kf2 Rxa3 40. Ke3
g5 41. Kd2 gxf4 42. gxf4 Ke7 43. h3 a5 44. Be4 a4 45. Bxd3 Rb3 46. Rf1 a3 47.
Kc2 Rb2+ 48. Kc3 Rh2 49. Ra1 Bxf4 50. Rxa3 Bxe5+ 51. Kb3 Rxh3 52. Ka4 h5 53.
Kb5 Bd4 54. Ra7+ Kf6 55. Be4 Re3 56. Bd5 Re7 57. Rxe7 Kxe7 58. Ka4 f5 59. Kb3
Kf6 60. Kc2 Kg5 61. Kd3 Kf4 62. Ke2 Bf6 63. Bc6 Ke5 64. Bd5 Kd4 65. Be6 f4 66.
Bd5 h4 67. Be6 h3 68. Kf3 Be5 69. Bd5 Kd3 70. Kf2 h2 71. Kg2 Ke3 72. Kh1 f3 73.
Be6 f2 74. Bh3 Ke2 75. Bg4+ Ke1 76. Bh3 Bd4 0-1

[Event "Moscow Championship (blitz) 2015"]
[Site "Moscow RUS"]
[Date "2015.09.06"]
[Round "19"]
[White "Nepomniachtchi, Ian"]
[Black "Zvjaginsev, Vadim"]
[Result "1-0"]
[WhiteElo "2705"]
[BlackElo "2660"]
[PlyCount "105"]
[EventDate "2015.09.06"]

1. e4 c5 2. Nf3 g6 3. c3 Bg7 4. d4 cxd4 5. cxd4 d5 6. e5 Nc6 7. Bb5 Bd7 8. Nc3
a6 9. Bxc6 Bxc6 10. O-O e6 11. Bg5 Qd7 12. Qd2 h6 13. Bh4 g5 14. Bg3 Ne7 15.
Rfc1 Nf5 16. Nd1 Rc8 17. Ne3 Nxe3 18. Qxe3 Qe7 19. h4 Kd7 20. Rc3 Bb5 21. Rac1
Rxc3 22. Rxc3 Rc8 23. Rxc8 Kxc8 24. hxg5 hxg5 25. Nxg5 Bh6 26. Bf4 Bxg5 27.
Bxg5 Qd7 28. Kh2 b6 29. Bf6 Kb7 30. g4 a5 31. Kg3 a4 32. Qa3 Bc4 33. Kh4 Qe8
34. f3 Be2 35. Kg3 Bc4 36. b3 axb3 37. axb3 Be2 38. Qd6 Qb5 39. Qe7+ Ka6 40.
Qxf7 Qd3 41. Bd8 Qxd4 42. Qxe6 Qg1+ 43. Kf4 Qd4+ 44. Kg5 Bxf3 45. Qf5 Qe3+ 46.
Qf4 Qxb3 47. e6 d4 48. e7 Bc6 49. Qxd4 Qg8+ 50. Kh6 Qe6+ 51. Kg7 Be8 52. Qxb6+
Qxb6 53. Bxb6 1-0

[Event "Moscow Championship (blitz) 2015"]
[Site "Moscow RUS"]
[Date "2015.09.06"]
[Round "1"]
[White "Kobalia, Mikhail"]
[Black "Morozevich, Alexander"]
[Result "0-1"]
[WhiteElo "2632"]
[BlackElo "2711"]
[PlyCount "80"]
[EventDate "2015.09.06"]
[EventType "blitz"]

1. e4 c5 2. Nf3 e6 3. g3 Nc6 4. Bg2 Nf6 5. d3 Be7 6. O-O O-O 7. Re1 d6 8. c3
Bd7 9. d4 cxd4 10. cxd4 d5 11. e5 Ne4 12. Nbd2 Nxd2 13. Bxd2 Rc8 14. Rc1 Qb6
15. Bc3 Nb4 16. Ra1 Bb5 17. Qd2 Nc6 18. h4 a5 19. a3 a4 20. Ng5 Qa6 21. Re3 Bd8
22. Bh3 Ne7 23. Qc2 Ng6 24. Qd2 h6 25. Nf3 Ne7 26. Nh2 Nc6 27. Ng4 h5 28. Nh2
Na5 29. Qd1 g6 30. g4 hxg4 31. Nxg4 Kg7 32. h5 Bg5 33. Qf3 Rh8 34. h6+ Kf8 35.
Bb4+ Ke8 36. Nf6+ Kd8 37. h7 Nc4 38. Rc3 Nd2 39. Qg4 Rxc3 40. Qxg5 Nf3+ 0-1

[Event "Moscow Championship (blitz) 2015"]
[Site "Moscow RUS"]
[Date "2015.09.06"]
[Round "2"]
[White "Morozevich, Alexander"]
[Black "Zvjaginsev, Vadim"]
[Result "1-0"]
[WhiteElo "2711"]
[BlackElo "2660"]
[PlyCount "55"]
[EventDate "2015.09.06"]
[EventType "blitz"]

1. e4 c5 2. g3 d5 3. exd5 Qxd5 4. Nf3 Bg4 5. Bg2 Qe6+ 6. Kf1 Nc6 7. h3 Bh5 8.
d3 Qd7 9. Na3 f6 10. Be3 e6 11. Kg1 Bd6 12. Nc4 Nge7 13. Nfe5 Nxe5 14. Qxh5+ g6
15. Nxd6+ Qxd6 16. Qe2 Nd5 17. Bh6 Kf7 18. Re1 Rhe8 19. h4 Rad8 20. h5 g5 21.
Bxg5 fxg5 22. Qxe5 Qxe5 23. Rxe5 Kf6 24. Re2 b5 25. Kh2 Kf7 26. Re5 h6 27. Rhe1
Nf6 28. Rxc5 1-0

[Event "Moscow Championship (blitz) 2015"]
[Site "Moscow RUS"]
[Date "2015.09.06"]
[Round "3"]
[White "Novikov, Stanislav"]
[Black "Morozevich, Alexander"]
[Result "0-1"]
[WhiteElo "2536"]
[BlackElo "2711"]
[PlyCount "52"]
[EventDate "2015.09.06"]
[EventType "blitz"]

1. e4 e5 2. Nf3 Nc6 3. Bb5 a6 4. Bxc6 dxc6 5. O-O Bg4 6. h3 Bh5 7. d3 f6 8.
Nbd2 Ne7 9. Re1 c5 10. Nf1 Nc6 11. Ng3 Bf7 12. a3 Qd7 13. Rb1 h5 14. Bd2 g5 15.
b4 g4 16. hxg4 hxg4 17. Nh2 Be6 18. bxc5 O-O-O 19. Be3 Rh4 20. Qc1 Qh7 21. Nhf1
Be7 22. Qb2 Rh8 23. Qxb7+ Kd7 24. f4 gxf3 25. Rb6 Nd8 26. Rxe6 Nxb7 0-1

[Event "Moscow Championship (blitz) 2015"]
[Site "Moscow RUS"]
[Date "2015.09.06"]
[Round "4"]
[White "Morozevich, Alexander"]
[Black "Oparin, Grigoriy"]
[Result "1-0"]
[WhiteElo "2711"]
[BlackElo "2569"]
[PlyCount "119"]
[EventDate "2015.09.06"]
[EventType "blitz"]

1. e4 c5 2. g3 Nc6 3. Bg2 g6 4. d3 Bg7 5. f4 e6 6. Nf3 Nge7 7. O-O O-O 8. c3 b5
9. Be3 d6 10. d4 cxd4 11. cxd4 a5 12. Nc3 Ba6 13. Qd2 b4 14. Ne2 Rc8 15. Rfd1
Qd7 16. a3 Bc4 17. axb4 axb4 18. Rdc1 d5 19. e5 Ra8 20. g4 Qb7 21. Ng3 f5 22.
exf6 Bxf6 23. h4 Rxa1 24. Rxa1 Nc8 25. Re1 Nd6 26. Bf2 Qf7 27. h5 gxh5 28. Nxh5
Ne4 29. Qe3 Nxf2 30. Qxf2 Be7 31. Qg3 Qg6 32. Kh2 Bd3 33. Nh4 Bxh4 34. Qxh4
Nxd4 35. Re5 Kh8 36. Qe7 Qf7 37. Qxb4 Ne2 38. Re3 Nxf4 39. Qxf4 Qxf4+ 40. Nxf4
Rxf4 41. Rxd3 Rxg4 42. Rb3 Kg7 43. Rb6 Kf6 44. b4 Ke7 45. Bh3 Re4 46. b5 Kd7
47. Rb7+ Kd6 48. Rxh7 Rb4 49. Bf1 e5 50. Rh6+ Kc7 51. Rc6+ Kb7 52. Rd6 Rd4 53.
Kg3 Kc7 54. Re6 Re4 55. Rc6+ Kb7 56. Rc5 Rd4 57. Kf3 Rf4+ 58. Ke2 Kb6 59. Rxd5
Rb4 60. Ke3 1-0

[Event "Moscow Championship (blitz) 2015"]
[Site "Moscow RUS"]
[Date "2015.09.06"]
[Round "5"]
[White "Inarkiev, Ernesto"]
[Black "Morozevich, Alexander"]
[Result "0-1"]
[WhiteElo "2660"]
[BlackElo "2711"]
[PlyCount "102"]
[EventDate "2015.09.06"]
[EventType "blitz"]

1. d4 g6 2. c4 Bg7 3. Nc3 Nf6 4. e4 d6 5. Nf3 O-O 6. Be2 c5 7. O-O Re8 8. Re1
cxd4 9. Nxd4 Nc6 10. Be3 Bd7 11. Qd2 Nxd4 12. Bxd4 Bc6 13. Bf1 a5 14. Nd5 Nd7
15. Bxg7 Kxg7 16. b3 Nc5 17. Re3 e5 18. Rd1 Bxd5 19. cxd5 Qg5 20. Qc2 Rec8 21.
Rc3 h5 22. Rc1 h4 23. a3 Rcb8 24. Bb5 Qf4 25. Re1 Rf8 26. b4 axb4 27. axb4 Na6
28. g3 Qg5 29. Qb2 Qd8 30. Ra1 Qb6 31. Bxa6 Rxa6 32. Rxa6 Qxa6 33. Rc7 Qb6 34.
Qc3 h3 35. Rc8 Rxc8 36. Qxc8 Qxb4 37. Qxh3 Qxe4 38. Qd7 Qxd5 39. h4 b5 40. Qd8
e4 41. Qb8 Qc5 42. g4 e3 43. fxe3 Qxe3+ 44. Kg2 Qe4+ 45. Kg3 Qe3+ 46. Kg2 Qf4
47. g5 b4 48. Kh3 Qf3+ 49. Kh2 Qg4 50. Qxd6 Qxh4+ 51. Kg2 Qxg5+ 0-1

[Event "Moscow Championship (blitz) 2015"]
[Site "Moscow RUS"]
[Date "2015.09.06"]
[Round "6"]
[White "Morozevich, Alexander"]
[Black "Onischuk, Alexander"]
[Result "1/2-1/2"]
[WhiteElo "2711"]
[BlackElo "2662"]
[PlyCount "88"]
[EventDate "2015.09.06"]
[EventType "blitz"]

1. e4 e5 2. Nf3 Nc6 3. Bb5 a6 4. Ba4 Nf6 5. d3 d6 6. c3 g6 7. O-O Bg7 8. Bg5 h6
9. Bh4 Bg4 10. Bg5 Bc8 11. Bh4 Bg4 12. Nbd2 g5 13. Bg3 Nh5 14. d4 Nxg3 15. hxg3
h5 16. Bxc6+ bxc6 17. Qa4 Rb8 18. dxe5 Bd7 19. exd6 h4 20. Qa5 Rb5 21. Qxc7
hxg3 22. Qxd8+ Kxd8 23. fxg3 Rxb2 24. Nc4 Rb5 25. Rab1 Bxc3 26. a4 Rb4 27. Rxb4
Bxb4 28. Kf2 Be6 29. Rc1 g4 30. Ng5 Bc5+ 31. Ke2 Rh2 32. Nxe6+ fxe6 33. Ne3
Bxe3 34. Kxe3 e5 35. Rxc6 Rxg2 36. Rc5 Rxg3+ 37. Kf2 Rf3+ 38. Ke2 Kd7 39. Rxe5
Kxd6 40. Rg5 Ra3 41. Rxg4 Ke5 42. Rg5+ Kxe4 43. Ra5 Kd4 44. Rxa6 Kc4 1/2-1/2

[Event "Moscow Championship (blitz) 2015"]
[Site "Moscow RUS"]
[Date "2015.09.06"]
[Round "7"]
[White "Malakhov, Vladimir"]
[Black "Morozevich, Alexander"]
[Result "1-0"]
[WhiteElo "2694"]
[BlackElo "2711"]
[PlyCount "249"]
[EventDate "2015.09.06"]
[EventType "blitz"]

1. Nf3 g6 2. e4 Bg7 3. d4 d6 4. Be2 Nf6 5. Nc3 O-O 6. O-O a6 7. Re1 b5 8. e5
Nfd7 9. a4 b4 10. Nd5 Nc6 11. Bg5 h6 12. Bh4 g5 13. Bg3 e6 14. Ne3 dxe5 15. d5
Nd4 16. dxe6 fxe6 17. Nd2 Bb7 18. Bc4 Nb6 19. Ba2 Nd5 20. Ndc4 Nf4 21. c3 bxc3
22. bxc3 Nde2+ 23. Kf1 Nxc3 24. Qxd8 Raxd8 25. Bb3 h5 26. Na5 Ba8 27. Bxf4 exf4
28. Bxe6+ Kh8 29. Nf5 Bf6 30. Rac1 Rfe8 31. Bf7 Rxe1+ 32. Rxe1 f3 33. gxf3 Bxf3
34. Nc4 Rd1 35. Rxd1 Bxd1 36. a5 Be2+ 37. Ke1 Bd3 38. Nfe3 Ne4 39. Bxh5 Bc3+
40. Kd1 Nxf2+ 41. Kc1 Kg7 42. Bf3 Kg6 43. Bb7 Ng4 44. Nxg4 Bxc4 45. Kc2 Bxa5
46. Ne5+ Kh5 47. Nxc4 Be1 48. Bc8 Kh4 49. h3 Bg3 50. Kd3 Bf4 51. Ke4 Kg3 52.
Kd5 Bc1 53. Kc6 Bf4 54. Kb7 Kf3 55. Kxa6 Ke4 56. Kb5 Kd4 57. Na5 Ke5 58. Kc6
Kf6 59. Kd5 Kg6 60. Nc6 Kg7 61. Ke4 Bc1 62. Kf5 Kh8 63. Kg6 Kg8 64. Be6+ Kf8
65. Bb3 Bd2 66. Bc4 Bc1 67. Kf6 Bb2+ 68. Kxg5 Kg7 69. h4 Bc1+ 70. Kg4 Bd2 71.
Bb3 Bc1 72. Nd4 Bb2 73. Nf5+ Kf6 74. h5 Bc1 75. Bc2 c5 76. Ng3 Kg7 77. Ne4 Be3
78. Kf3 Bd4 79. Kg4 c4 80. Nd6 Bb2 81. Nxc4 Ba1 82. Kg5 Bc3 83. h6+ Kf8 84. Kg6
Ke7 85. Ne3 Kf8 86. Nd5 Bb2 87. Bb3 Ba1 88. Nf6 Ke7 89. Ne4 Kf8 90. h7 Bh8 91.
Ng5 Ke7 92. Nf7 Bc3 93. h8=Q Bxh8 94. Nxh8 Kd6 95. Nf7+ Kc5 96. Kf5 Kd4 97. Ne5
Kc3 98. Bf7 Kd2 99. Ke4 Kc1 100. Kd3 Kb2 101. Bd5 Ka3 102. Kc3 Ka4 103. Kc4 Ka3
104. Nd3 Ka2 105. Kc3+ Ka1 106. Nb4 Kb1 107. Nc2 Kc1 108. Ba2 Kd1 109. Nd4 Kc1
110. Ne2+ Kd1 111. Kd3 Ke1 112. Ke3 Kd1 113. Bb3+ Ke1 114. Nf4 Kf1 115. Bc2 Kg1
116. Kf3 Kf1 117. Ng2 Kg1 118. Ne3 Kh2 119. Bf5 Kg1 120. Bh3 Kh2 121. Bf1 Kg1
122. Ke2 Kh2 123. Kf2 Kh1 124. Bg2+ Kh2 125. Nf1# 1-0

[Event "Moscow Championship (blitz) 2015"]
[Site "Moscow RUS"]
[Date "2015.09.06"]
[Round "8"]
[White "Morozevich, Alexander"]
[Black "Lagno, Kateryna"]
[Result "0-1"]
[WhiteElo "2711"]
[BlackElo "2523"]
[PlyCount "98"]
[EventDate "2015.09.06"]

1. e4 e5 2. Nf3 Nc6 3. Bb5 a6 4. Ba4 Nf6 5. d3 b5 6. Bb3 Bc5 7. Nc3 d6 8. Nd5
h6 9. c3 O-O 10. O-O Ba7 11. a4 Be6 12. d4 exd4 13. cxd4 Bxd5 14. exd5 Ne7 15.
axb5 axb5 16. Qd3 Qd7 17. Bd2 Nexd5 18. Nh4 c5 19. Bc2 c4 20. Qg3 Qg4 21. Nf5
Qxg3 22. hxg3 Bb6 23. Rfb1 Bc7 24. Bd1 Ne4 25. Be1 g6 26. Nxh6+ Kg7 27. Ng4 f5
28. Ne3 Nxe3 29. fxe3 d5 30. Bf3 Bd6 31. g4 b4 32. gxf5 gxf5 33. Kf1 b3 34. Ke2
Kf6 35. Bd2 Ke6 36. Rh1 Rh8 37. Rxh8 Rxh8 38. Ra6 Kd7 39. Be1 Rb8 40. Bxe4 fxe4
41. Kd1 Rg8 42. Ra5 Ke6 43. Ra6 Kd7 44. Ra5 Rxg2 45. Rxd5 Kc6 46. Rh5 Rxb2 47.
Rh6 Rb1+ 48. Ke2 Rxe1+ 49. Kxe1 b2 0-1

[Event "Moscow Championship (blitz) 2015"]
[Site "Moscow RUS"]
[Date "2015.09.06"]
[Round "9"]
[White "Riazantsev, Alexander"]
[Black "Morozevich, Alexander"]
[Result "1/2-1/2"]
[WhiteElo "2646"]
[BlackElo "2711"]
[PlyCount "128"]
[EventDate "2015.09.06"]

1. d4 g6 2. c4 Bg7 3. e4 e5 4. dxe5 Nc6 5. Nf3 Nxe5 6. Nxe5 Bxe5 7. Be2 d6 8.
Qc2 Ne7 9. Nc3 Nc6 10. O-O O-O 11. f4 Nd4 12. Qd3 Nxe2+ 13. Nxe2 Bg7 14. f5 Bd7
15. Nc3 Bc6 16. Be3 Qh4 17. Rf4 Qe7 18. Bd4 Bxd4+ 19. Qxd4 Qe5 20. Qxe5 dxe5
21. Rf3 Rad8 22. Nd5 Bxd5 23. cxd5 c6 24. dxc6 bxc6 25. Rc1 Rd4 26. Rxc6 Rxe4
27. Rc7 a5 28. f6 h5 29. Ra7 a4 30. Ra3 Rc8 31. R7xa4 Re2 32. Ra8 Rxa8 33.
Rxa8+ Kh7 34. Rf8 g5 35. Rxf7+ Kg6 36. Rb7 Kxf6 37. a4 e4 38. Kf1 Rc2 39. a5
Ke5 40. a6 Rc1+ 41. Ke2 Ra1 42. a7 h4 43. Kd2 Kf4 44. Rf7+ Ke5 45. Kc3 Rc1+ 46.
Kb4 Ra1 47. h3 Kd4 48. Rc7 e3 49. Rd7+ Ke4 50. Kc3 Rc1+ 51. Kb3 Ra1 52. Kc2 e2
53. Re7+ Kf4 54. Rxe2 Rxa7 55. b4 Ra3 56. Kb2 Rd3 57. Ka2 g4 58. hxg4 Kxg4 59.
b5 Rd5 60. Rb2 Kg3 61. b6 Rd7 62. Ka3 Rb7 63. Ka4 Rxb6 64. Rxb6 Kxg2 1/2-1/2

[Event "Moscow Championship (blitz) 2015"]
[Site "Moscow RUS"]
[Date "2015.09.06"]
[Round "11"]
[White "Demidov, Mikhail"]
[Black "Morozevich, Alexander"]
[Result "0-1"]
[WhiteElo "2497"]
[BlackElo "2711"]
[PlyCount "104"]
[EventDate "2015.09.06"]
[EventType "blitz"]

1. d4 g6 2. Nf3 Bg7 3. e4 d6 4. Nc3 Nf6 5. Be2 O-O 6. O-O a6 7. a4 b6 8. e5 Ne8
9. Bf4 Bb7 10. Re1 e6 11. h3 Nd7 12. Qd2 c5 13. Rad1 cxd4 14. Qxd4 Qb8 15. Bg3
Nxe5 16. Nxe5 Bxe5 17. Bxe5 dxe5 18. Qxb6 Nf6 19. Bf1 Rc8 20. Qd6 e4 21. Qd4
Qf4 22. g3 Qf5 23. Bg2 Rab8 24. Qe3 h5 25. Rd2 Kg7 26. b3 Qa5 27. Ne2 Rd8 28.
Red1 Rxd2 29. Qxd2 Qxd2 30. Rxd2 Rc8 31. c4 a5 32. Rd6 Bc6 33. Nd4 Be8 34. Ra6
Rd8 35. Nc2 Rd3 36. Rb6 Nd7 37. Rb7 Nc5 38. Rb8 Bd7 39. b4 axb4 40. Nxb4 Rd1+
41. Kh2 Rd2 42. Kg1 Bxa4 43. Ra8 Bb3 44. Rc8 Nd3 45. Nc6 Nxf2 46. Rd8 e3 47.
Rb8 Bxc4 48. Ne5 Bd5 49. Bf1 Rd1 50. Rb2 Ne4 51. Kg2 Nc3+ 52. Kh2 Rxf1 0-1

[Event "Moscow Championship (blitz) 2015"]
[Site "Moscow RUS"]
[Date "2015.09.06"]
[Round "12"]
[White "Grachev, Boris"]
[Black "Morozevich, Alexander"]
[Result "0-1"]
[WhiteElo "2649"]
[BlackElo "2711"]
[PlyCount "85"]
[EventDate "2015.09.06"]
[EventType "blitz"]

1. d4 g6 2. Nf3 Bg7 3. Bf4 d6 4. e3 Nd7 5. h3 e5 6. Bh2 exd4 7. exd4 Ne7 8. Bd3
O-O 9. O-O Nf6 10. c3 Bf5 11. Na3 Bh6 12. Bxf5 gxf5 13. Qd3 Qd7 14. Nc4 Kh8 15.
Rae1 Rg8 16. Kh1 Rg7 17. Ne3 f4 18. Nc4 Rag8 19. Rg1 Qf5 20. Qxf5 Nxf5 21. Ncd2
d5 22. Re2 Ng3+ 23. fxg3 fxg3 24. Rf1 gxh2 25. g4 Re8 26. Rxe8+ Nxe8 27. Kxh2
Nd6 28. Re1 f5 29. g5 Bxg5 30. Nxg5 Rxg5 31. Nf3 Rg7 32. Re5 c6 33. Re6 Ne4 34.
Re8+ Rg8 35. Re7 Rg7 36. Re8+ Rg8 37. Re7 Rg3 38. Ne5 f4 39. Rf7 Re3 40. b4
Nxc3 41. Rxf4 Re2+ 42. Kg3 Ne4+ 43. Kg4 0-1

[Event "Moscow Championship (blitz) 2015"]
[Site "Moscow RUS"]
[Date "2015.09.06"]
[Round "13"]
[White "Morozevich, Alexander"]
[Black "Savchenko, Boris"]
[Result "0-1"]
[WhiteElo "2711"]
[BlackElo "2567"]
[PlyCount "48"]
[EventDate "2015.09.06"]
[EventType "blitz"]

1. e4 c5 2. g3 g6 3. Bg2 Bg7 4. d3 Nc6 5. f4 b5 6. Nf3 b4 7. O-O Rb8 8. f5 gxf5
9. Nh4 fxe4 10. Nf5 Bf6 11. Nd2 d5 12. dxe4 Nd4 13. Ne3 Bg5 14. Nf3 h6 15. Nxg5
hxg5 16. c3 Nc6 17. exd5 Ne5 18. Nf5 Bxf5 19. Rxf5 Nc4 20. Bxg5 Nxb2 21. Qe2
Na4 22. d6 Qxd6 23. Bf4 Nxc3 24. Qf3 Qd4+ 0-1